Une lettre suffit pour répondre juste #13 (attention 10 lettres tuent) - Statistiques

Statistiques générales
  • Ce quiz a été pris 75 fois
  • Le résultat moyen est 2 sur 6
Statistiques - réponses
Hint Réponse % Correct
Donne une des 5 lettres du nom de famille de ces personnages de la série Stranger Things
BYERS
98%
Donne une des 4 lettres du nom de la franchise de hockey sur glace de NHL basé dans le Minnesota :
WILD
48%
Donne une des 3 lettres du nom de l'usine qui a explosé à Toulouse le 21 septembre 2001 AZF
40%
Donne une des 2 lettres du système d'exploitation développé par Microsoft sorti le 25 octobre 2001, après Windows 2000 (et Millenium) et avant Windows Vista : Windows ??
XP
21%
Donne la lettre qui complète le nom d'une commune du Maine et Loire de 12 863 habitants en 2022 : Les Ponts-de-?é C
13%
Donne la lettre qui complète le nom de ce modèle de voiture fabriqué de 1908 à 1927 : Ford ?
T
10%
Aucun quiz correspondant
Distribution des résultats
% des personnes avec chaque résultat
Percentile par nombre de réponses
Votre historique - résultats
Vous n’avez pas pris ce quiz